| 000 | 00583nam a22001817a 4500 | ||
|---|---|---|---|
| 005 | 20180108160804.0 | ||
| 010 | _aENG-122010 | ||
| 020 |
_a9789383723140 _c395.00 |
||
| 035 | _aEN-105542 | ||
| 037 | _bDBAD/PUB | ||
| 082 | _a303.48254051 | ||
| 100 | _aPanikkar, K.M. | ||
| 245 |
_aIndia and China : _cby K.M. Panikkar _ba study of cultural relations / |
||
| 260 |
_aDelhi _bLG Publishers Distributors _c2016 |
||
| 270 | _a49, Gali No. 14 Pratap Nagar, Mayur Vihar Phase i, Delhi 110091 | ||
| 300 |
_a87p. _c23cm(Hb) _bmap |
||
| 942 |
_2ddc _cEN _h303.48254051 _mPAN |
||
| 999 |
_c148987 _d148987 |
||